[Event "Bundesliga 0102"]
[Site "Deutschland"]
[Date "2002.04.27"]
[Round "14.6"]
[White "Heller, Achim"]
[Black "Bosch, Jeroen"]
[Result "0-1"]
[WhiteElo "2027"]
[BlackElo "2475"]
[PlyCount "79"]
[EventDate "2001.10.06"]
[EventType "team"]
[EventRounds "15"]
[EventCountry "GER"]
[SourceTitle "Bundesliga 0102"]
[Source "DeepChess"]
[SourceDate "2005.01.01"]
[SourceVersion "1"]
[SourceVersionDate "2005.01.01"]
[SourceQuality "1"]
[WhiteTeam "SGEM Heiligenhaus 1937 e. V."]
[BlackTeam "SV Castrop Rauxel 1923"]
[WhiteTeamCountry "GER"]
[BlackTeamCountry "GER"]

1. d4 d6 2. c4 e5 3. dxe5 dxe5 4. Qxd8+ Kxd8 5. Nc3 Be6 6. e3 c6 7. Nf3 f6 8.
Be2 Nd7 9. O-O Nh6 10. Rd1 Nf7 11. b3 a5 12. Bb2 Kc7 13. Nd2 Be7 14. Na4 Rhd8
15. Rac1 Nb6 16. Nxb6 Kxb6 17. Ne4 a4 18. Rxd8 Nxd8 19. Ra1 Bf5 20. Bf3 Ne6 21.
Bc3 Nc5 22. Nxc5 Kxc5 23. Bd1 axb3 24. Bxb3 Bd8 25. a3 Ba5 26. Bb4+ Kb6 27. Be7
Kc7 28. Rd1 Re8 29. Bd6+ Kc8 30. c5 Be6 31. Bxe6+ Rxe6 32. Bf8 g6 33. Bg7 Bd8
34. Bf8 Bc7 35. e4 Re8 36. Bg7 Bd8 37. Rd6 Be7 38. Re6 Kd7 39. Rxf6 Bxf6 40.
Bxf6 0-1

[Event "Bundesliga 0102"]
[Site "Deutschland"]
[Date "2002.04.27"]
[Round "14.7"]
[White "Dinstuhl, Volkmar"]
[Black "Perschke, Ulrich"]
[Result "1/2-1/2"]
[WhiteElo "2402"]
[BlackElo "2216"]
[PlyCount "93"]
[EventDate "2001.10.06"]
[EventType "team"]
[EventRounds "15"]
[EventCountry "GER"]
[SourceTitle "Bundesliga 0102"]
[Source "DeepChess"]
[SourceDate "2005.01.01"]
[SourceVersion "1"]
[SourceVersionDate "2005.01.01"]
[SourceQuality "1"]
[WhiteTeam "SV Castrop Rauxel 1923"]
[BlackTeam "SGEM Heiligenhaus 1937 e. V."]
[WhiteTeamCountry "GER"]
[BlackTeamCountry "GER"]

1. d4 g6 2. c4 Bg7 3. Nf3 d6 4. Nc3 Bg4 5. g3 Bxf3 6. exf3 Nc6 7. d5 Nd4 8. Be3
c5 9. dxc6 Nxc6 10. Qd2 Nf6 11. Rc1 O-O 12. Bg2 Rc8 13. O-O Qa5 14. Rfd1 Rfd8
15. b3 e6 16. Bg5 Rd7 17. Bh6 Bh8 18. Qe2 Rcd8 19. Bd2 Qa6 20. Bg5 d5 21. cxd5
Qxe2 22. Nxe2 Rxd5 23. Rxd5 exd5 24. Nc3 Bg7 25. Rd1 Ne7 26. Nb5 a6 27. Nd4 h6
28. Be3 Rc8 29. Bf1 Nd7 30. Bh3 Rc7 31. Bf4 Ne5 32. Bf1 g5 33. Be3 N5c6 34.
Nxc6 Rxc6 35. Bd4 Rc2 36. a4 Bxd4 37. Rxd4 Rc3 38. Rb4 Rc7 39. Rb6 Nc6 40. Kg2
Kg7 41. b4 Ne5 42. Rd6 Rd7 43. Rxd7 Nxd7 44. f4 gxf4 45. gxf4 Nb6 46. a5 Nc8
47. b5 1/2-1/2

[Event "Bundesliga 0102"]
[Site "Deutschland"]
[Date "2002.04.27"]
[Round "14.8"]
[White "Van Beers, Eddy"]
[Black "Brendel, Oliver"]
[Result "0-1"]
[WhiteElo "2323"]
[BlackElo "2376"]
[PlyCount "66"]
[EventDate "2001.10.06"]
[EventType "team"]
[EventRounds "15"]
[EventCountry "GER"]
[SourceTitle "Bundesliga 0102"]
[Source "DeepChess"]
[SourceDate "2005.01.01"]
[SourceVersion "1"]
[SourceVersionDate "2005.01.01"]
[SourceQuality "1"]
[WhiteTeam "SGEM Heiligenhaus 1937 e. V."]
[BlackTeam "SV Castrop Rauxel 1923"]
[WhiteTeamCountry "GER"]
[BlackTeamCountry "GER"]

1. e4 c5 2. c3 g6 3. d4 cxd4 4. cxd4 d5 5. e5 Nc6 6. Nc3 Nh6 7. Bb5 Bg7 8. Qa4
Bd7 9. Nf3 O-O 10. O-O a6 11. Bxc6 Bxc6 12. Qb3 Qd7 13. a4 Rfb8 14. Re1 e6 15.
Qb6 a5 16. Bd2 Bf8 17. Qb3 b5 18. axb5 Bxb5 19. Nxb5 Rxb5 20. Qa4 Qb7 21. b4
Bxb4 22. Bxh6 Bxe1 23. Rxe1 Rb1 24. Bd2 Qb5 25. Qa3 Rxe1+ 26. Nxe1 a4 27. g3
Qe2 28. Bb4 Qd1 29. Qc3 a3 30. Qc6 Qa4 31. Qxa4 Rxa4 32. Bc3 a2 33. Nc2 Rc4 0-1

[Event "Bundesliga 0102"]
[Site "Deutschland"]
[Date "2002.04.28"]
[Round "15.1"]
[White "Babula, Vlastimil"]
[Black "Luther, Thomas"]
[Result "1-0"]
[WhiteElo "2566"]
[BlackElo "2604"]
[PlyCount "66"]
[EventDate "2001.10.06"]
[EventType "team"]
[EventRounds "15"]
[EventCountry "GER"]
[SourceTitle "Bundesliga 0102"]
[Source "DeepChess"]
[SourceDate "2005.01.01"]
[SourceVersion "1"]
[SourceVersionDate "2005.01.01"]
[SourceQuality "1"]
[WhiteTeam "SAbt SV Werder Bremen"]
[BlackTeam "Erfurter SK"]
[WhiteTeamCountry "GER"]
[BlackTeamCountry "GER"]

1. d4 e6 2. c4 Nf6 3. Nc3 Bb4 4. e3 O-O 5. Bd3 d5 6. Nf3 c5 7. O-O Nc6 8. a3
Bxc3 9. bxc3 dxc4 10. Bxc4 Qc7 11. Bb2 e5 12. h3 e4 13. Nd2 Na5 14. Ba2 c4 15.
f3 Bxh3 16. Nxe4 Nxe4 17. fxe4 Qg3 18. Qf3 Qxf3 19. Rxf3 Bg4 20. Rf2 f6 21.
Raf1 Rfe8 22. Bb1 Nb3 23. a4 Bh5 24. e5 Bg6 25. exf6 gxf6 26. Bxg6 hxg6 27.
Rxf6 Rxe3 28. Rxg6+ Kh7 29. Rg4 Re7 30. Ba3 Rg7 31. Rh4+ Kg8 32. Bd6 Rh7 33.
Rhf4 Re8 1-0

[Event "Bundesliga 0102"]
[Site "Deutschland"]
[Date "2002.04.28"]
[Round "15.2"]
[White "Haba, Petr"]
[Black "Schandorff, Lars"]
[Result "1/2-1/2"]
[WhiteElo "2482"]
[BlackElo "2551"]
[PlyCount "78"]
[EventDate "2001.10.06"]
[EventType "team"]
[EventRounds "15"]
[EventCountry "GER"]
[SourceTitle "Bundesliga 0102"]
[Source "DeepChess"]
[SourceDate "2005.01.01"]
[SourceVersion "1"]
[SourceVersionDate "2005.01.01"]
[SourceQuality "1"]
[WhiteTeam "Erfurter SK"]
[BlackTeam "SAbt SV Werder Bremen"]
[WhiteTeamCountry "GER"]
[BlackTeamCountry "GER"]

1. d4 Nf6 2. c4 e6 3. g3 c5 4. d5 exd5 5. cxd5 d6 6. Nc3 g6 7. Bg2 Bg7 8. Nf3
O-O 9. O-O Re8 10. Bf4 Ne4 11. Nxe4 Rxe4 12. Nd2 Rb4 13. b3 Bxa1 14. Qxa1 Rxf4
15. gxf4 Nd7 16. Qc3 Nf6 17. b4 cxb4 18. Qxb4 Bg4 19. e3 Rc8 20. Qxb7 Rc2 21.
Nb3 Rxa2 22. Nd4 Qd7 23. Qb3 Ra6 24. e4 Qa4 25. Qe3 Qa3 26. h3 Bd7 27. e5 Qxe3
28. fxe3 Ne8 29. Rc1 Kf8 30. e6 fxe6 31. dxe6 Ba4 32. Ra1 Bb5 33. Rb1 Bc4 34.
Rb4 d5 35. Rb7 Ng7 36. Rb8+ Ke7 37. Rb7+ Kf8 38. Rb8+ Ke7 39. Rb7+ Kf8 1/2-1/2

[Event "Bundesliga 0102"]
[Site "Deutschland"]
[Date "2002.04.28"]
[Round "15.4"]
[White "Fontaine, Robert"]
[Black "Pelletier, Yannick"]
[Result "1-0"]
[WhiteElo "2452"]
[BlackElo "2531"]
[PlyCount "77"]
[EventDate "2001.10.06"]
[EventType "team"]
[EventRounds "15"]
[EventCountry "GER"]
[SourceTitle "Bundesliga 0102"]
[Source "DeepChess"]
[SourceDate "2005.01.01"]
[SourceVersion "1"]
[SourceVersionDate "2005.01.01"]
[SourceQuality "1"]
[WhiteTeam "Erfurter SK"]
[BlackTeam "SAbt SV Werder Bremen"]
[WhiteTeamCountry "GER"]
[BlackTeamCountry "GER"]

1. e4 c5 2. Nc3 d6 3. f4 Nc6 4. Nf3 g6 5. Bc4 Bg7 6. O-O Nf6 7. d3 O-O 8. Qe1
e6 9. Bb3 d5 10. e5 Ne8 11. Bd2 f6 12. exf6 Bxf6 13. Ne5 Qc7 14. Nxc6 bxc6 15.
Na4 Qd6 16. Be3 d4 17. Bd2 Nc7 18. f5 Be5 19. fxg6 Rxf1+ 20. Kxf1 Bd7 21. gxh7+
Kh8 22. Qe4 Rf8+ 23. Ke2 Bxh2 24. Rf1 Rxf1 25. Kxf1 Qf8+ 26. Ke2 Bg3 27. Qf3
Qxf3+ 28. Kxf3 Bd6 29. Bf4 e5 30. Nxc5 exf4 31. Nxd7 Kxh7 32. Ke4 c5 33. Kf5
Kg7 34. Nf6 Kh6 35. Ne4 Bf8 36. Kxf4 Na8 37. Kf5 Nb6 38. g4 Kg7 39. Ng5 1-0

[Event "Bundesliga 0102"]
[Site "Deutschland"]
[Date "2002.04.28"]
[Round "15.5"]
[White "Joachim, Sven"]
[Black "Mueller, Matthias"]
[Result "1/2-1/2"]
[WhiteElo "2443"]
[BlackElo "2402"]
[PlyCount "82"]
[EventDate "2001.10.06"]
[EventType "team"]
[EventRounds "15"]
[EventCountry "GER"]
[SourceTitle "Bundesliga 0102"]
[Source "DeepChess"]
[SourceDate "2005.01.01"]
[SourceVersion "1"]
[SourceVersionDate "2005.01.01"]
[SourceQuality "1"]
[WhiteTeam "SAbt SV Werder Bremen"]
[BlackTeam "Erfurter SK"]
[WhiteTeamCountry "GER"]
[BlackTeamCountry "GER"]

1. e4 e5 2. Nf3 Nc6 3. Bc4 Nf6 4. d3 Bc5 5. c3 d6 6. h3 O-O 7. Nbd2 a6 8. Bb3
Ba7 9. Nf1 d5 10. exd5 Nxd5 11. Ng3 f6 12. O-O Be6 13. Be3 Bxe3 14. fxe3 Qd7
15. Bxd5 Qxd5 16. e4 Qd6 17. Qc2 Rad8 18. Rfd1 Ne7 19. Ne2 Ng6 20. d4 Qe7 21.
Kh2 Kh8 22. Ng3 Nf4 23. Qf2 Bc8 24. Rd2 Rde8 25. Re1 Qf7 26. a3 Qc4 27. Qe3 h6
28. Ne2 Ng6 29. Ng3 exd4 30. cxd4 f5 31. Qc3 Qxc3 32. bxc3 fxe4 33. Rxe4 Rxe4
34. Nxe4 Re8 35. Ng3 Kg8 36. Kg1 Re3 37. Re2 Rxe2 38. Nxe2 Be6 39. Kf2 Bd5 40.
Nd2 b5 41. g3 Kf7 1/2-1/2

[Event "Bundesliga 0102"]
[Site "Deutschland"]
[Date "2002.04.28"]
[Round "15.7"]
[White "Levin, Felix"]
[Black "Paehtz, Elisabeth"]
[Result "1-0"]
[WhiteElo "2541"]
[BlackElo "2390"]
[PlyCount "81"]
[EventDate "2001.10.06"]
[EventType "team"]
[EventRounds "15"]
[EventCountry "GER"]
[SourceTitle "Bundesliga 0102"]
[Source "DeepChess"]
[SourceDate "2005.01.01"]
[SourceVersion "1"]
[SourceVersionDate "2005.01.01"]
[SourceQuality "1"]
[WhiteTeam "SAbt SV Werder Bremen"]
[BlackTeam "Erfurter SK"]
[WhiteTeamCountry "GER"]
[BlackTeamCountry "GER"]

1. c4 b6 2. d4 e6 3. a3 Bb7 4. Nc3 f5 5. d5 Be7 6. g3 Bf6 7. Bd2 Bxc3 8. Bxc3
Nf6 9. Bg2 O-O 10. Nh3 Qe8 11. Nf4 e5 12. Nd3 d6 13. O-O Nbd7 14. b4 Qh5 15. e3
Qf7 16. a4 Ne4 17. Be1 Nef6 18. f3 Qg6 19. Qe2 a5 20. bxa5 bxa5 21. e4 Ba6 22.
Bxa5 Bxc4 23. Bb4 fxe4 24. fxe4 Rfb8 25. Rfb1 Nxd5 26. Qc2 Ne3 27. Qc3 c5 28.
Ba3 Rxb1+ 29. Rxb1 Bxd3 30. Qxd3 Rxa4 31. Qxe3 Rd4 32. Qb3+ c4 33. Qb7 Nf8 34.
Rf1 Qe8 35. Bh3 Rd3 36. Bc1 h6 37. Qc7 Rd4 38. Bb2 Rxe4 39. Qxd6 Re2 40. Ba3
Ng6 41. Be6+ 1-0

[Event "Bundesliga 0102"]
[Site "Deutschland"]
[Date "2002.04.28"]
[Round "15.8"]
[White "Brueggemann, Joachim"]
[Black "Heissler, Jakob"]
[Result "0-1"]
[WhiteElo "2358"]
[BlackElo "2437"]
[PlyCount "84"]
[EventDate "2001.10.06"]
[EventType "team"]
[EventRounds "15"]
[EventCountry "GER"]
[SourceTitle "Bundesliga 0102"]
[Source "DeepChess"]
[SourceDate "2005.01.01"]
[SourceVersion "1"]
[SourceVersionDate "2005.01.01"]
[SourceQuality "1"]
[WhiteTeam "Erfurter SK"]
[BlackTeam "SAbt SV Werder Bremen"]
[WhiteTeamCountry "GER"]
[BlackTeamCountry "GER"]

1. e4 c5 2. Nf3 e6 3. d4 cxd4 4. Nxd4 Nc6 5. Nb5 d6 6. c4 Nf6 7. N1c3 a6 8. Na3
Be7 9. Be2 O-O 10. O-O b6 11. Be3 Bb7 12. Qb3 Nd7 13. Rad1 Nc5 14. Qc2 Bf6 15.
Nab1 Qc7 16. a3 Ne5 17. f4 Ng6 18. b4 Nd7 19. Qd2 Be7 20. e5 Nh4 21. exd6 Qc6
22. Rf2 Bd8 23. b5 axb5 24. cxb5 Qc8 25. Bd3 Bxg2 26. Qc2 Bb7 27. Bxh7+ Kh8 28.
Be4 f5 29. Bxb7 Qxb7 30. Bd4 Nf3+ 31. Kf1 Nxd4 32. Rxd4 Bh4 33. Rd3 Qh1+ 34.
Ke2 Bxf2 35. Rh3+ Kg8 36. Kxf2 Nf6 37. Qe2 Ng4+ 38. Kg3 Qg1+ 39. Kf3 Qh1+ 40.
Kg3 Qg1+ 41. Kf3 Kf7 42. Qg2 Qxg2+ 0-1

[Event "Bundesliga 0102"]
[Site "Deutschland"]
[Date "2002.04.28"]
[Round "15.2"]
[White "Kengis, Edvins"]
[Black "Gabriel, Christian"]
[Result "1/2-1/2"]
[WhiteElo "2572"]
[BlackElo "2545"]
[PlyCount "44"]
[EventDate "2001.10.06"]
[EventType "team"]
[EventRounds "15"]
[EventCountry "GER"]
[SourceTitle "Bundesliga 0102"]
[Source "DeepChess"]
[SourceDate "2005.01.01"]
[SourceVersion "1"]
[SourceVersionDate "2005.01.01"]
[SourceQuality "1"]
[WhiteTeam "Godesberger SK 1929"]
[BlackTeam "Stuttgarter SF 1879"]
[WhiteTeamCountry "GER"]
[BlackTeamCountry "GER"]

1. Nf3 d5 2. g3 Bg4 3. Bg2 Nd7 4. c4 e6 5. Qb3 Nc5 6. Qc2 c6 7. d3 Nf6 8. O-O
Be7 9. Nbd2 a5 10. b3 O-O 11. Bb2 Rc8 12. h3 Bh5 13. g4 Bg6 14. Ne5 Nfd7 15.
Nxg6 hxg6 16. d4 Na6 17. e4 Nb4 18. Qb1 dxe4 19. Nxe4 Nf6 20. a3 Na6 21. Rd1
Qc7 22. Qd3 Rcd8 1/2-1/2

[Event "Bundesliga 0102"]
[Site "Deutschland"]
[Date "2002.04.28"]
[Round "15.3"]
[White "Bunzmann, Dimitrij"]
[Black "Kveinys, Aloyzas"]
[Result "1/2-1/2"]
[WhiteElo "2509"]
[BlackElo "2535"]
[PlyCount "31"]
[EventDate "2001.10.06"]
[EventType "team"]
[EventRounds "15"]
[EventCountry "GER"]
[SourceTitle "Bundesliga 0102"]
[Source "DeepChess"]
[SourceDate "2005.01.01"]
[SourceVersion "1"]
[SourceVersionDate "2005.01.01"]
[SourceQuality "1"]
[WhiteTeam "Stuttgarter SF 1879"]
[BlackTeam "Godesberger SK 1929"]
[WhiteTeamCountry "GER"]
[BlackTeamCountry "GER"]

1. d4 Nf6 2. Nf3 d5 3. c4 e6 4. Nc3 c5 5. cxd5 Nxd5 6. e4 Nxc3 7. bxc3 cxd4 8.
cxd4 Bb4+ 9. Bd2 Bxd2+ 10. Qxd2 O-O 11. Be2 b6 12. O-O Bb7 13. Qf4 Qf6 14. Qe3
Nc6 15. Rfd1 Rfd8 16. Rac1 1/2-1/2

[Event "Bundesliga 0102"]
[Site "Deutschland"]
[Date "2002.04.28"]
[Round "15.4"]
[White "Langheinrich, Ferenc"]
[Black "Buhmann, Rainer"]
[Result "1/2-1/2"]
[WhiteElo "2398"]
[BlackElo "2498"]
[PlyCount "89"]
[EventDate "2001.10.06"]
[EventType "team"]
[EventRounds "15"]
[EventCountry "GER"]
[SourceTitle "Bundesliga 0102"]
[Source "DeepChess"]
[SourceDate "2005.01.01"]
[SourceVersion "1"]
[SourceVersionDate "2005.01.01"]
[SourceQuality "1"]
[WhiteTeam "Godesberger SK 1929"]
[BlackTeam "Stuttgarter SF 1879"]
[WhiteTeamCountry "GER"]
[BlackTeamCountry "GER"]

1. e4 e6 2. d4 d5 3. Nc3 Nf6 4. e5 Nfd7 5. f4 c5 6. Nf3 Nc6 7. Be3 cxd4 8. Nxd4
Bc5 9. Qd2 O-O 10. O-O-O a6 11. h4 Nxd4 12. Bxd4 b5 13. Rh3 b4 14. Na4 Bxd4 15.
Qxd4 a5 16. Kb1 Ba6 17. Bxa6 Rxa6 18. c4 bxc3 19. Rxc3 Qb8 20. Rdc1 Qb4 21.
Qxb4 axb4 22. Rc7 Rxa4 23. b3 Raa8 24. Rxd7 h5 25. Rb7 Kh7 26. Rxb4 Kg6 27. Rc3
Ra7 28. Rg3+ Kh7 29. Rd4 Rc8 30. a4 Rc5 31. Kb2 Rac7 32. Rd2 f6 33. exf6 gxf6
34. Re3 R7c6 35. Rde2 d4 36. Rxe6 d3 37. Re7+ Kg6 38. Rd2 Rc2+ 39. Rxc2 Rxc2+
40. Ka3 Kf5 41. b4 Kxf4 42. b5 Rc1 43. Rd7 Ke3 44. Re7+ Kf4 45. Rd7 1/2-1/2

[Event "Bundesliga 0102"]
[Site "Deutschland"]
[Date "2002.04.28"]
[Round "15.5"]
[White "Schmittdiel, Eckhard"]
[Black "Breder, Dennis"]
[Result "1-0"]
[WhiteElo "2490"]
[BlackElo "2411"]
[PlyCount "76"]
[EventDate "2001.10.06"]
[EventType "team"]
[EventRounds "15"]
[EventCountry "GER"]
[SourceTitle "Bundesliga 0102"]
[Source "DeepChess"]
[SourceDate "2005.01.01"]
[SourceVersion "1"]
[SourceVersionDate "2005.01.01"]
[SourceQuality "1"]
[WhiteTeam "Stuttgarter SF 1879"]
[BlackTeam "Godesberger SK 1929"]
[WhiteTeamCountry "GER"]
[BlackTeamCountry "GER"]

1. e4 c5 2. Nf3 Nc6 3. Bb5 g6 4. Bxc6 bxc6 5. O-O Bg7 6. c3 Nf6 7. Re1 O-O 8.
d4 d5 9. exd5 cxd5 10. dxc5 Ne4 11. Be3 Rb8 12. Bd4 Rxb2 13. Bxg7 Kxg7 14. Qd4+
Nf6 15. Nbd2 Rb5 16. a4 Rb2 17. Ne5 Qc7 18. Ndf3 Kg8 19. Ng5 h6 20. Ngf3 Bf5
21. g4 Be4 22. Nd2 Rxd2 23. Qxd2 Qxe5 24. f3 Qc7 25. fxe4 Qxc5+ 26. Qd4 Qxd4+
27. cxd4 dxe4 28. Rab1 Rd8 29. Rb7 Rxd4 30. Rxa7 Nxg4 31. a5 Ne5 32. Re2 Ra4
33. a6 Nc6 34. Ra8+ Kg7 35. Rb2 Nb4 36. a7 Nc6 37. Rb7 e3 38. Kg2 e2 1-0

[Event "Bundesliga 0102"]
[Site "Deutschland"]
[Date "2002.04.28"]
[Round "15.6"]
[White "Jackelen, Thomas"]
[Black "Duppel, Matthias"]
[Result "1/2-1/2"]
[WhiteElo "2392"]
[BlackElo "2455"]
[PlyCount "43"]
[EventDate "2001.10.06"]
[EventType "team"]
[EventRounds "15"]
[EventCountry "GER"]
[SourceTitle "Bundesliga 0102"]
[Source "DeepChess"]
[SourceDate "2005.01.01"]
[SourceVersion "1"]
[SourceVersionDate "2005.01.01"]
[SourceQuality "1"]
[WhiteTeam "Godesberger SK 1929"]
[BlackTeam "Stuttgarter SF 1879"]
[WhiteTeamCountry "GER"]
[BlackTeamCountry "GER"]

1. Nf3 d5 2. c4 c6 3. e3 e6 4. d4 Bd6 5. Bd3 f5 6. b3 Nf6 7. Bb2 O-O 8. O-O b6
9. Qc1 Bb7 10. Ba3 Ne4 11. Bxd6 Qxd6 12. Ne5 Nd7 13. Nxd7 Qxd7 14. Nd2 Nxd2 15.
Qxd2 c5 16. Rfd1 Rfd8 17. Qb2 Qc6 18. f3 cxd4 19. exd4 Qd6 20. Be2 Rac8 21.
Rac1 Qf4 22. Qd2 1/2-1/2

[Event "Bundesliga 0102"]
[Site "Deutschland"]
[Date "2002.04.28"]
[Round "15.7"]
[White "Zeller, Frank"]
[Black "Seger, Ruediger"]
[Result "0-1"]
[WhiteElo "2442"]
[BlackElo "2400"]
[PlyCount "78"]
[EventDate "2001.10.06"]
[EventType "team"]
[EventRounds "15"]
[EventCountry "GER"]
[SourceTitle "Bundesliga 0102"]
[Source "DeepChess"]
[SourceDate "2005.01.01"]
[SourceVersion "1"]
[SourceVersionDate "2005.01.01"]
[SourceQuality "1"]
[WhiteTeam "Stuttgarter SF 1879"]
[BlackTeam "Godesberger SK 1929"]
[WhiteTeamCountry "GER"]
[BlackTeamCountry "GER"]

1. e4 c6 2. d4 d5 3. Nc3 dxe4 4. Nxe4 Bf5 5. Ng3 Bg6 6. h4 h6 7. Nf3 Nd7 8. h5
Bh7 9. Bd3 Bxd3 10. Qxd3 Qc7 11. Bd2 Ngf6 12. O-O-O O-O-O 13. Ne4 e6 14. Kb1 c5
15. Rh4 c4 16. Qe2 Nxe4 17. Rxe4 Nf6 18. Rh4 Nd5 19. Ne5 b5 20. Qf3 Be7 21. Re4
Bf6 22. Qa3 Bxe5 23. Rxe5 Rd6 24. Ba5 Qc6 25. Bb4 Rd7 26. Bc5 f6 27. Ree1 a6
28. g3 Rb7 29. Qf3 Re8 30. Ka1 b4 31. b3 c3 32. Qd3 a5 33. a4 bxa3 34. Rb1 a2
35. Rbd1 a4 36. Qc4 axb3 37. cxb3 Qb5 38. Kxa2 Qxc4 39. bxc4 Rb2+ 0-1

[Event "Bundesliga 0102"]
[Site "Deutschland"]
[Date "2002.04.28"]
[Round "15.8"]
[White "Schmidt, Bodo"]
[Black "Berezovsky, Igor"]
[Result "1/2-1/2"]
[WhiteElo "2360"]
[BlackElo "2406"]
[PlyCount "62"]
[EventDate "2001.10.06"]
[EventType "team"]
[EventRounds "15"]
[EventCountry "GER"]
[SourceTitle "Bundesliga 0102"]
[Source "DeepChess"]
[SourceDate "2005.01.01"]
[SourceVersion "1"]
[SourceVersionDate "2005.01.01"]
[SourceQuality "1"]
[WhiteTeam "Godesberger SK 1929"]
[BlackTeam "Stuttgarter SF 1879"]
[WhiteTeamCountry "GER"]
[BlackTeamCountry "GER"]

1. d4 Nf6 2. Nf3 g6 3. c4 Bg7 4. Nc3 d5 5. e3 O-O 6. Be2 dxc4 7. Bxc4 c5 8. O-O
cxd4 9. Qxd4 Qa5 10. Bd2 Nc6 11. Qh4 Ne5 12. Nxe5 Qxe5 13. Qf4 Qxf4 14. exf4
Rd8 15. Rfd1 b6 16. Be3 Bb7 17. Rxd8+ Rxd8 18. Rd1 Rxd1+ 19. Nxd1 Nd5 20. Bd2
e6 21. Kf1 Kf8 22. g3 Ke7 23. Ke2 Kd6 24. b4 Bc6 25. Kd3 Nc7 26. Bc3 Bxc3 27.
Nxc3 Nd5 28. Bxd5 Bxd5 29. Kd4 Bc6 30. a3 f6 31. h4 h5 1/2-1/2

[Event "Bundesliga 0102"]
[Site "Deutschland"]
[Date "2002.04.28"]
[Round "15.1"]
[White "Ftacnik, Lubomir"]
[Black "Stohl, Igor"]
[Result "1-0"]
[WhiteElo "2580"]
[BlackElo "2533"]
[PlyCount "35"]
[EventDate "2001.10.06"]
[EventType "team"]
[EventRounds "15"]
[EventCountry "GER"]
[SourceTitle "Bundesliga 0102"]
[Source "DeepChess"]
[SourceDate "2005.01.01"]
[SourceVersion "1"]
[SourceVersionDate "2005.01.01"]
[SourceQuality "1"]
[WhiteTeam "Hamburger SK 1830 e.V."]
[BlackTeam "SF Neukoelln 03 e.V."]
[WhiteTeamCountry "GER"]
[BlackTeamCountry "GER"]

1. Nf3 Nf6 2. c4 b6 3. g3 Bb7 4. Bg2 e6 5. O-O Be7 6. b3 O-O 7. Bb2 d5 8. e3
Nbd7 9. Qe2 dxc4 10. bxc4 Nc5 11. Ne5 Bxg2 12. Kxg2 Bd6 13. d4 Na4 14. Ba3 c5
15. Qc2 cxd4 16. exd4 Bxa3 17. Nxa3 Qxd4 18. Rfe1 1-0

[Event "Bundesliga 0102"]
[Site "Deutschland"]
[Date "2002.04.28"]
[Round "15.2"]
[White "Berndt, Stephan"]
[Black "Berg, Emanuel"]
[Result "0-1"]
[WhiteElo "2479"]
[BlackElo "2496"]
[PlyCount "152"]
[EventDate "2001.10.06"]
[EventType "team"]
[EventRounds "15"]
[EventCountry "GER"]
[SourceTitle "Bundesliga 0102"]
[Source "DeepChess"]
[SourceDate "2005.01.01"]
[SourceVersion "1"]
[SourceVersionDate "2005.01.01"]
[SourceQuality "1"]
[WhiteTeam "SF Neukoelln 03 e.V."]
[BlackTeam "Hamburger SK 1830 e.V."]
[WhiteTeamCountry "GER"]
[BlackTeamCountry "GER"]

1. e4 e6 2. d4 d5 3. Nc3 Bb4 4. e5 c5 5. a3 Bxc3+ 6. bxc3 Qc7 7. Nf3 b6 8. Bb5+
Bd7 9. Bd3 Ba4 10. O-O Nd7 11. Re1 Ne7 12. Bd2 h6 13. g3 O-O-O 14. dxc5 Nxc5
15. Qe2 Kb8 16. Nd4 Nc6 17. Rab1 Nxd4 18. cxd4 Nxd3 19. cxd3 Rc8 20. Rec1 Qd7
21. Bb4 Kb7 22. Qd2 Rxc1+ 23. Rxc1 Rc8 24. Kf1 a5 25. Bd6 f5 26. h4 Ka6 27. Ke2
Rc6 28. Rxc6 Qxc6 29. Qb2 g5 30. hxg5 hxg5 31. Kd2 Qd7 32. Qc1 Kb7 33. Qh1 Qg7
34. Qh5 Ka6 35. Qh1 Be8 36. Qc1 Kb7 37. Qh1 Ba4 38. Qh5 Ka6 39. Qh1 f4 40. Qh5
Qg8 41. Qh1 fxg3 42. fxg3 g4 43. Qf1 Qg5+ 44. Ke2 Qh6 45. Qf8 Qh2+ 46. Kf1 Qh1+
47. Kf2 Bc6 48. Ke2 Qh2+ 49. Qf2 Qh3 50. Ke3 Bb5 51. Kd2 Qh7 52. Qe2 Qh3 53.
Qf2 Qh6+ 54. Kc2 Ba4+ 55. Kb2 Qh1 56. Qf8 Qg2+ 57. Ka1 Qg1+ 58. Ka2 Qg2+ 59.
Ka1 Bc6 60. Qc8+ Bb7 61. Qxe6 Qg1+ 62. Ka2 Qf2+ 63. Kb3 Qd2 64. a4 Qxd3+ 65.
Ka2 Qxd4 66. Qd7 Qc4+ 67. Kb2 d4 68. Qb5+ Qxb5+ 69. axb5+ Kxb5 70. e6 Bc6 71.
e7 Be8 72. Kc2 Kc4 73. Bc7 Kc5 74. Kb2 a4 75. Ka3 b5 76. Ba5 Kc4 0-1

[Event "Bundesliga 0102"]
[Site "Deutschland"]
[Date "2002.04.28"]
[Round "15.3"]
[White "Hansen, Sune Berg"]
[Black "Brynell, Stellan"]
[Result "1/2-1/2"]
[WhiteElo "2536"]
[BlackElo "2486"]
[PlyCount "58"]
[EventDate "2001.10.06"]
[EventType "team"]
[EventRounds "15"]
[EventCountry "GER"]
[SourceTitle "Bundesliga 0102"]
[Source "DeepChess"]
[SourceDate "2005.01.01"]
[SourceVersion "1"]
[SourceVersionDate "2005.01.01"]
[SourceQuality "1"]
[WhiteTeam "Hamburger SK 1830 e.V."]
[BlackTeam "SF Neukoelln 03 e.V."]
[WhiteTeamCountry "GER"]
[BlackTeamCountry "GER"]

1. e4 e6 2. d4 d5 3. Nd2 c5 4. Ngf3 Nf6 5. exd5 exd5 6. Bb5+ Bd7 7. Bxd7+ Nbxd7
8. O-O Be7 9. dxc5 Nxc5 10. Nb3 Nce4 11. Nfd4 Qd7 12. f3 Nd6 13. Nc5 Qc8 14.
Nd3 O-O 15. c3 Re8 16. Bf4 Nf5 17. Nxf5 Qxf5 18. Qd2 Nd7 19. Rad1 Nb6 20. b3
Bf6 21. Rfe1 Rac8 22. Rxe8+ Rxe8 23. Bg3 Qc8 24. Re1 Rxe1+ 25. Bxe1 g6 26. Nc1
Qc5+ 27. Kf1 Qc7 28. Kg1 Qc5+ 29. Kf1 Qc7 1/2-1/2